00371nam a22001097a 4500020001800000082001300018100002200031245011100053260003300164300002100197880004300218 a9787508615158 a302bGLA aGladwell, Malcolm aOutliers: bThe Story of Success (Chinese Edition) /cMalcolm Gladwell : Translated by MeiGe La De Wei Zhu aChina :bCITIC Press,c2009. a259 p. ;c21 cm. 6245-02\ra异常值: 成功的故事 /